| 000 | 00690nam a2200205 i 4500 | ||
|---|---|---|---|
| 001 | 41379 | ||
| 003 | ES-MaACL | ||
| 005 | 20231221145740.0 | ||
| 007 | t| | ||
| 008 | 030310s1982 sp ||||1| spa d | ||
| 100 | 1 |
_aCastelar, Emilio, _d1832-1899 _936479 |
|
| 245 | 1 | 0 |
_aCrónica internacional / _cEmilio Castelar ; edición preparada por Dámaso de Lario. |
| 260 |
_aMadrid : _bEditora Nacional, _c[1982] |
||
| 300 |
_a476 p. ; _c21 cm. |
||
| 490 | 1 | _aClásicos para una biblioteca contemporánea | |
| 700 | 1 |
_aLario, Dámaso de. _970257 |
|
| 830 | 0 |
_aClásicos para una biblioteca contemporánea _9181899 |
|
| 852 |
_aES-MaACL _jL-3909 _bR.104460 |
||
| 999 |
_c41379 _d41379 |
||